Lèxic de bars i cafeteries
Descripción Física:
22 p. ; 24 cm
MARC
| LEADER | 00000nam a2200000Ia 4500 | ||
|---|---|---|---|
| 001 | 15412 | ||
| 008 | 160829s9999 xx 000 0 cat d | ||
| 080 | |a FU-37-15 | ||
| 245 | |a Lèxic de bars i cafeteries | ||
| 260 | |a [Barcelona] : |b Departament de Cultura de la Generalitat de Catalunya, DL 1984 | ||
| 300 | |a 22 p. ; |c 24 cm | ||
| 650 | |a Bars |x Terminologia |9 31550 | ||
| 650 | |a Cafeteries |x Terminologia |9 31551 | ||
| 650 | |a Català |x Glossaris, vocabularis, etc. |9 31552 | ||
| 710 | 2 | |a Catalunya. |b Departament de Cultura |9 52819 | |
| 901 | |a Arxiu | ||
| 942 | |n 1 | ||
| 952 | |0 0 |1 0 |4 0 |6 FU3715 |7 1 |9 45666 |a Arxiu |b Arxiu |d 2016-12-01 |l 0 |o FU-37-15 |p 15412 |r 2016-12-01 00:00:00 |w 2016-12-01 |y ARXIU | ||
| 999 | |c 49166 |d 49166 | ||